Detalles MARC
| 000 -CABECERA |
| Longitud fija campo de control |
01698nam a2200421 c 4500 |
| 001 - NÚMERO DE CONTROL |
| Número de control |
15101 |
| 003 - IDENTIFICADOR DE NÚMERO DE CONTROL |
| Identificador del número de control |
ES-MaCES |
| 005 - FECHA Y HORA DE LA ÚLTIMA TRANSACCIÓN |
| Fecha y hora de la última transacción |
20160629131902.0 |
| 008 - CAMPO FIJO DE DESCRIPCIÓN FIJA--INFORMACIÓN GENERAL |
| Códigos de información de longitud fija |
030612s2003 lu d t m000 | spa d |
| 035 ## - NÚMERO DE CONTROL DEL SISTEMA |
| Número de control del sistema |
CES20030007445m |
| 040 ## - FUENTE DE CATALOGACIÓN |
| Centro catalogador de origen |
ES-MaCES |
| Lengua de catalogación |
spa |
| Centro transcriptor |
ES-MaCES |
| 110 2# - ENCABEZAMIENTO PRINCIPAL--NOMBRE CORPORATIVO |
| 9 (RLIN) |
2014 |
| Nombre de entidad corporativa o nombre de jurisdicción como elemento inicial |
Comisión de las Comunidades Europeas |
| 245 10 - MENCIÓN DE TÍTULO |
| Título |
Optar por el crecimiento |
| Resto del título |
: conocimiento, innovación y empleo en una sociedad cohesiva : informe al Consejo Europeo de primavera, de 21 de marzo de 2003, sobre la Estrategia de Lisboa de renovación económica, social y medioambiental : SEC(2003)25 |
| 260 ## - PUBLICACIÓN, DISTRIBUCIÓN, ETC (PIE DE IMPRENTA) |
| Lugar de publicación, distribución, etc. |
Luxemburgo |
| Nombre del editor, distribuidor, etc. |
Oficina de Publicaciones Oficiales de las Comunidades Europeas |
| Fecha de publicación, distribución, etc. |
2003 |
| 300 ## - DESCRIPCIÓN FÍSICA |
| Extensión |
45 p. |
| Dimensiones |
30 cm |
| 490 1# - MENCIÓN DE SERIE |
| Mención de serie |
COM(03) |
| Designación de volumen o secuencia |
5 final/2 |
| 500 ## - NOTA GENERAL |
| Nota general |
Tít. tomado de la cub |
| 500 ## - NOTA GENERAL |
| Nota general |
En la cub.: corrigendum, annule et remplace le COM(2003)5 final |
| 541 ## - NOTA DE LA FUENTE INMEDIANTE DE ADQUISICIÓN |
| Forma de adquisición |
Suscripción conjunta |
| 610 24 - ASIENTO SECUNDARIO DE MATERIA--NOMBRE CORPORATIVO |
| Nombre de entidad corporativa o nombre de jurisdicción como elemento inicial |
Consejo Europeo |
| Unidad subordinada |
Cumbre |
| Fecha del congreso o de la firma de un tratado |
23 y 24 marzo 2000 |
| Sede del congreso |
Lisboa |
| 9 (RLIN) |
2474 |
| 650 #4 - ASIENTO SECUNDARIO DE MATERIA--TÉRMINO DE MATERIA |
| Término de materia o nombre geográfico como elemento inicial |
crecimiento económico |
| 9 (RLIN) |
27094 |
| 650 #4 - ASIENTO SECUNDARIO DE MATERIA--TÉRMINO DE MATERIA |
| Término de materia o nombre geográfico como elemento inicial |
investigación y desarrollo |
| 9 (RLIN) |
28273 |
| 650 #4 - ASIENTO SECUNDARIO DE MATERIA--TÉRMINO DE MATERIA |
| Término de materia o nombre geográfico como elemento inicial |
innovación |
| 9 (RLIN) |
28230 |
| 650 #4 - ASIENTO SECUNDARIO DE MATERIA--TÉRMINO DE MATERIA |
| Término de materia o nombre geográfico como elemento inicial |
creación de empleos |
| 9 (RLIN) |
29242 |
| 650 #4 - ASIENTO SECUNDARIO DE MATERIA--TÉRMINO DE MATERIA |
| Término de materia o nombre geográfico como elemento inicial |
cohesión social |
| 9 (RLIN) |
30743 |
| 650 #4 - ASIENTO SECUNDARIO DE MATERIA--TÉRMINO DE MATERIA |
| Término de materia o nombre geográfico como elemento inicial |
adhesión de miembros |
| 9 (RLIN) |
30972 |
| 650 #4 - ASIENTO SECUNDARIO DE MATERIA--TÉRMINO DE MATERIA |
| Término de materia o nombre geográfico como elemento inicial |
desarrollo sostenible |
| 9 (RLIN) |
30785 |
| 650 #4 - ASIENTO SECUNDARIO DE MATERIA--TÉRMINO DE MATERIA |
| Término de materia o nombre geográfico como elemento inicial |
política comunitaria |
| 9 (RLIN) |
30776 |
| 650 #4 - ASIENTO SECUNDARIO DE MATERIA--TÉRMINO DE MATERIA |
| Término de materia o nombre geográfico como elemento inicial |
plan de acción |
| 9 (RLIN) |
30406 |
| 653 10 - TÉRMINO DE INDEXACIÓN--NO CONTROLADO |
| Término no controlado |
Mercado Único Europeo |
| 650 #4 - ASIENTO SECUNDARIO DE MATERIA--TÉRMINO DE MATERIA |
| 9 (RLIN) |
29234 |
| Término de materia o nombre geográfico como elemento inicial |
desarrollo económico y social |
| 650 #4 - ASIENTO SECUNDARIO DE MATERIA--TÉRMINO DE MATERIA |
| 9 (RLIN) |
26752 |
| Término de materia o nombre geográfico como elemento inicial |
UE |
| 787 0# - ENTRADA DE OTRAS ESPECIFICACIONES |
| Título |
La estrategia de Lisboa |
| Número de control del registro relacionado |
(ES-MaCES)13523 |
| 830 #0 - ENCABEZAMIENTO SECUNDARIO DE COLECCIÓN--TÍTULO UNIFORME |
| Título uniforme |
COM(03) |
| Designación de volumen o secuencia |
5 final/2 |
| 9 (RLIN) |
33822 |
| 902 ## - CES. TIPO DE DOCUMENTO |
| Tipodoc (006$c Sirtex) |
DOC Literatura gris |
| 942 ## - ELEMENTOS KOHA |
| Fuente de clasificaión o esquema |
Clasificación propia del CES |
| Koha [por defecto] tipo de item |
Monografías |
| Parte de clasificación |
1.0. |